Personnages de Demain nous appartient par images - Statistiques

Statistiques générales
  • Ce quiz a été pris 200 fois
  • Le résultat moyen est 99 sur 228
Statistiques - réponses
Par images Réponse % Correct
samuel
99%
alex
98%
chloé
98%
mona
94%
bart
88%
roxane
88%
marc
87%
martin
87%
damien
86%
aaron
85%
aurore
84%
georges
84%
karim
84%
victor
84%
nordine
83%
anna
80%
lou
80%
noor
80%
raphaël
80%
sara
80%
victoire
80%
jules
79%
leila
79%
maxime
79%
manon
78%
flore
77%
judith
77%
lizzie
77%
marceau
77%
gabriel
76%
marianne
76%
sylvain
76%
audrey
73%
raphaëlle
73%
violette
73%
ben
72%
maud
72%
renaud
72%
timothée
72%
christelle
71%
nina
71%
soraya
71%
william
71%
jordan
69%
bastien
67%
charlie
66%
jack
66%
charles
65%
jeanne
65%
rayane
65%
adam
64%
sofia
64%
arthur
63%
camille
63%
fred
63%
nathan
63%
sandrine
63%
soizic
63%
diego
62%
rose
62%
clément
60%
margot
60%
françois
59%
louise
58%
simon
58%
vanessa
58%
bruno
57%
lisa
57%
lucie
57%
alma
56%
clémentine
53%
antoine
52%
bilel
52%
céleste
52%
dylan
52%
léo
52%
lola
52%
rémy
52%
sébastien
52%
xavier
51%
amanda
50%
betty
50%
dorian
50%
jessica
50%
luna
50%
benny
49%
emma
49%
énora
49%
érica
49%
valentin
49%
esmée
48%
lilou
48%
morgane
48%
philippine
48%
souleymane
48%
mélody
47%
amel
45%
ellie
45%
garance
45%
romy
45%
ulysse
45%
bénédicte
44%
marguerite
44%
sacha
44%
thomas
44%
valentine
44%
anne-marie
43%
julie
43%
tristan
43%
diane
42%
laurence
42%
romain
41%
romane
41%
alain
40%
andré
40%
benjamin
40%
rachel
40%
émilie
38%
adèle
37%
gloria
36%
léonard
36%
noa
36%
arnaud
35%
brice
35%
kevin
35%
paul
35%
robin
35%
solenne
35%
valérie
35%
béatrice
34%
étienne
34%
lucas
34%
élisabeth
33%
joël
33%
luke
33%
mathias
33%
philippe
33%
sophie
33%
jacques
31%
michael
31%
waren
31%
liam
30%
stanislas
30%
chemsa
28%
eddy
28%
gaspard
28%
juliette
28%
laurie
28%
marine
28%
mathilde
28%
enzo
27%
gilles
27%
guy
27%
lili
26%
malik
26%
octave
26%
angie
24%
anthony
24%
baptiste
24%
benoît
24%
mia
24%
roch
24%
albane
23%
andréa
23%
franck
23%
hadrien
23%
henri
23%
hugo
23%
jahia
23%
lyès
23%
vahina
23%
viviane
23%
cédric
22%
dan
22%
david
22%
gwen
22%
pauline
22%
pénélope
22%
vince
22%
agathe
21%
irène
21%
tiphaine
21%
cyril
20%
lilian
20%
mélanie
20%
michel
20%
océane
20%
zack
20%
annie
19%
elsa
19%
gary
19%
joséphine
19%
marion
19%
nadine
19%
oscar
19%
agnès
17%
cécile
17%
eva
17%
grégory
17%
lorena
17%
mattéo
17%
régis
17%
angelina
16%
clara
16%
jérôme
16%
jimmy
16%
joaquim
16%
laëtitia
16%
mathis
16%
pedro
16%
rebecca
16%
céline
15%
christophe
15%
félix
15%
leslie
15%
alexis
14%
clovis
14%
fabien
14%
fanny
14%
joyce
14%
marcus
14%
marjorie
14%
vinciane
14%
fabio
13%
jenny
13%
lionel
13%
milan
12%
oriane
12%
Aucun quiz correspondant
Distribution des résultats
% des personnes avec chaque résultat
Percentile par nombre de réponses
Votre historique - résultats
Vous n’avez pas pris ce quiz